00622nam a2200169Ia 4500008004100000020001800041041000800059082001800067100003300085245009700118250000600215260004100221300001200262650002900274999001900303952013000322210716s2011 xx 000 0 und d a9788126532193 aeng a004.6005 POUI aPouncey, Ian; York, Richard. aBegining CSS: cascading style sheets for web design.bCascading style sheets for web design. a3 aNew DelhibWiley India Pvt Ltdc2011 axxx,432 aWeb Design & Development c191904d191904 001040708MCAaAIMITbAIMITeAthulya Booksg499.00l0o004.6005 POUIpMCA11412r2025-07-21 00:00:00v374.25w2021-07-16yBK